Sports Quiz

Random Sports or WWE Quiz

Pro wrestler Catchphrases (clickable) Quiz Stats

 Plays Quiz not verified by Sporcle

Challenge
Share
Tweet
Embed
Score 0/50 Timer 05:00
0 Plays Today
% Correct
The Undertaker
90.7%
Vince McMahon
89.7%
Booker T
89.1%
Steve Austin
87.7%
Hulk Hogan
86.2%
The Miz
85.8%
Ted DiBiase
85.5%
Bret Hart
85.4%
Dudley Boyz
85.4%
CM Punk
84.3%
John Cena
84.1%
The Rock
83.5%
Vickie Guerrero
83.3%
Ron Simmons
82.4%
Iron Sheik
82.3%
Shawn Michaels
81.9%
Randy Savage
81.4%
Yokozuna
81.2%
Jim Ross
81.1%
Zack Ryder
80.8%
Road Dogg
80.5%
Eddie Guerrero
80.4%
Val Venis
80%
The Godfather
79.9%
R-Truth
78.2%
% Correct
Mick Foley
78%
Goldberg
77.8%
Road Warrior Hawk
77.4%
Ric Flair
76.5%
Razor Ramon
75.4%
Edge and Christian
75.1%
Rob Van Dam
74.5%
Mark Henry
74.3%
Kurt Angle
74.2%
Jim Duggan
74%
Carlito
69.7%
Al Snow
67.7%
Vader
66.3%
Chris Jericho
64.6%
John Morrison
61.6%
Rick Rude
60.2%
Joey Styles
58.6%
Roddy Piper
58.1%
Triple H
54.9%
Tazz
50.6%
Freddie Blassie
48%
Honky Tonk Man
45.3%
Diamond Dallas Page
43.6%
Billy Graham
40.1%
Jesse Ventura
39.5%

You're not logged in!

Compare scores with friends on all Sporcle quizzes.
Join for Free
OR
Log In

You Might Also Like...

Show Comments

Extras

Top Quizzes Today


Score Distribution

Your Account Isn't Verified!

In order to create a playlist on Sporcle, you need to verify the email address you used during registration. Go to your Sporcle Settings to finish the process.

Report this User

Report this user for behavior that violates our Community Guidelines.

Details: